00193nam a2200073Ia 4500082001500000245001900015100004400034008004100078 aLP AF LING 0aVer bo korale  a LINGUA, Susanna M. Parklands, 2002 210817s9999 xx 000 0 und d